| 000 | 01061nam0a22003011 4500 | ||
|---|---|---|---|
| 001 | rc\3042735 | ||
| 005 | 20250806202021.0 | ||
| 035 | _a(NLR Aleph) 007182704 | ||
| 090 |
_a41986 _c41986 |
||
| 100 | _a20111006d1941 u y0rusy50 ca | ||
| 101 | 0 | _arus | |
| 102 | _aRU | ||
| 105 | _ay j ||||| | ||
| 200 | 1 |
_aВоенный учебник по английскому языку _fЭ.Е. Дубинская, К.А. Кузмичева, В.Е. Локшина, А.Л. Равич _gВоен. акад. хим. защиты Красной Армии им. К.Е. Ворошилова |
|
| 210 |
_aМосква _cАкад. _d1941 |
||
| 215 |
_a251 с. _d27 см |
||
| 300 | _aЛитогр. | ||
| 701 | 1 |
_aДубинская _bЭ.Е. |
|
| 701 | 1 |
_aКузмичева _bК.А. |
|
| 701 | 1 |
_aЛокшина _bВ.Е. |
|
| 701 | 1 |
_aРавич _bА.Л. |
|
| 801 | 0 |
_aRU _bNLR _gpsbo |
|
| 801 | 1 |
_aRU _bELAR _2rusmarc |
|
| 852 |
_aNLR _jЯ30 Г-7/1 |
||
| 942 | _cBOOK | ||
| 945 | _aРоссийская национальная библиотека | ||
| 980 | _aNB | ||
| 980 | _aBV | ||